000 00336nam a2200145Ia 4500
100 _aShantiNarayan/ Kapur/I.N
942 _cBK
654 _aVector Calculus
245 _aText Book of Vector Calculus
260 _bS.Chand and Co.
_aNew Delhi
_c1985
082 _a515.63
_bNAR/KAP
300 _a320
546 _aENGLISH
999 _c26607
_d26607